000 00649nam a2200229Ia 4500
003 OSt
005 20220923225148.0
006 a|||||r|||| 00| 0
007 ta
008 220922b |||||||| |||| 00| 0 hin d
024 _a258,880
037 _cTextual
040 _aARTS
_cARTS
_bhin
041 _2hin
_ahin
082 _aO153,3N25x, N3
100 _aਸਰਨਾ, ਮਹਿੰਦਰ ਸਿੰਘ
245 0 _aਅੋਰਤ ਈਮਾਨ
260 _c1993
650 _aਪੰਜਾਬੀ ਸਾਹਿਤ
942 _hO153,3N25x, N3
_cTEXL
_2CC
999 _c376463
_d376463